00266nam a2200109Ia 4500008004100000041000800041082001100049100002000060245003300080260003500113300000800148230511s1960 xx 000 0 und d aeng a657.45 aClive F Paulape aThe Principles of Auditing  aNew DelhibPitman Seriesc1960 a517